000
00289nam a22001337a 4500
082
_a
823
_b
PRA/T
100
_a
PRABITHA
100
_a
NATH, SURESH
245
_a
A TREASURE OF TALE II
260
_a
DELHI
_b
S CHAND & CO
_c
1997
300
_a
74
650
_a
ENGLISH STORY
_z
INDIA
942
_c
BK
999
_c
7315
_d
7315